|
|
|
|
| LEADER |
00000nam0a2200000 4500 |
| 001 |
354293 |
| 005 |
20231102010658.0 |
| 035 |
|
|
|a (RuTPU)RU\TPU\retro\11551
|
| 090 |
|
|
|a 354293
|
| 100 |
|
|
|a 20200617d1945 m y0rusy50 ca
|
| 101 |
0 |
|
|a rus
|
| 102 |
|
|
|a RU
|
| 105 |
|
|
|a ab z 001zy
|
| 200 |
1 |
|
|a Минеральные ресурсы Германии
|f С. А. Первушин
|g СССР, Комитет по делам геологии ; Всесоюзный геологический фонд (ВГФ, Союзгеолфонд) ; под ред. Н. А. Быховера, И. Ф. Григорьева
|
| 210 |
|
|
|a Москва
|a Ленинград
|c Госгеолиздат
|d 1945
|
| 215 |
|
|
|a 108 с.
|c ил.
|
| 225 |
1 |
|
|a Минеральные ресурсы зарубежных стран
|v Вып. 2
|
| 300 |
|
|
|a Подписано к печати 21/IV 1945 г.
|
| 320 |
|
|
|a Библиогр.: с. 103-106
|
| 606 |
1 |
|
|a Минеральные ресурсы
|y Зарубежные страны
|2 stltpush
|3 (RuTPU)RU\TPU\subj\44062
|9 63443
|
| 610 |
1 |
|
|a Германия
|
| 610 |
1 |
|
|a горно-добывающая промышленность
|
| 610 |
1 |
|
|a минерально-сырьевая база
|
| 610 |
1 |
|
|a энергетическое сырье
|
| 610 |
1 |
|
|a уголь
|
| 610 |
1 |
|
|a нефть
|
| 610 |
1 |
|
|a газ
|
| 610 |
1 |
|
|a горючие сланцы
|
| 610 |
1 |
|
|a черные металлы
|
| 610 |
1 |
|
|a легирующие металлы
|
| 610 |
1 |
|
|a цветные металлы
|
| 610 |
1 |
|
|a редкие металлы
|
| 610 |
1 |
|
|a благородные металлы
|
| 610 |
1 |
|
|a неметаллические полезные ископаемые
|
| 610 |
1 |
|
|a коллекция: 1941-1945 гг.
|
| 610 |
1 |
|
|a Великая Отечественная война 1941-1945
|
| 675 |
|
|
|a 553.04(4/9)
|v 3
|
| 700 |
|
1 |
|a Первушин
|b С. А.
|
| 702 |
|
1 |
|a Быховер
|b Н. А.
|4 340
|
| 702 |
|
1 |
|a Григорьев
|b И. Ф.
|4 340
|
| 712 |
0 |
1 |
|a СССР
|b Комитет по делам геологии
|c (1939-1946)
|2 stltpush
|3 (RuTPU)RU\TPU\col\18488
|9 27049
|
| 712 |
0 |
2 |
|a Всесоюзный геологический фонд (ВГФ, Союзгеолфонд)
|c (Москва)
|c (1937-1991)
|2 stltpush
|3 (RuTPU)RU\TPU\col\13722
|
| 801 |
|
1 |
|a RU
|b 63413507
|c 20200617
|
| 801 |
|
2 |
|a RU
|b 63413507
|c 20200618
|g RCR
|
| 942 |
|
|
|c BK
|